Urban land use planning
Αποθηκεύτηκε σε:
| Κύριος συγγραφέας: | |
|---|---|
| Άλλοι συγγραφείς: | |
| Μορφή: | Βιβλίο |
| Γλώσσα: | English |
| Δημοσίευση: |
Urbana :
University of Illinois Press,
c1979
|
| Έκδοση: | 3d ed. |
| Θέματα: | |
| Ετικέτες: |
Προσθήκη ετικέτας
Δεν υπάρχουν, Καταχωρήστε ετικέτα πρώτοι!
|
MARC
| LEADER | 00000cam a2200000 i 4500 | ||
|---|---|---|---|
| 001 | 1/77061 | ||
| 008 | 941021s1979 eng d | ||
| 020 | |a 0-252-00580-5 | ||
| 035 | |l 10004168 | ||
| 040 | |a GR-MY-UA |b gre |e aacr | ||
| 041 | 0 | |a eng | |
| 082 | 0 | |a 333.77170973 | |
| 100 | 1 | |a Chapin, F. Stuart |q (Francis Stuart) |d 1916- | |
| 245 | 1 | 0 | |a Urban land use planning / |c F. Stuart Chapin, Jr. and Edward J. Kaiser |
| 250 | |a 3d ed. | ||
| 260 | |a Urbana : |b University of Illinois Press, |c c1979 | ||
| 300 | |a xvi, 656 σ.; |b εικ.; |c 26 εκ. | ||
| 504 | |a Περιέχει ευρετήριο | ||
| 650 | 0 | 0 | |a City planning |z United States. |
| 650 | 0 | 0 | |a Regional planning |z United States. |
| 650 | 0 | 0 | |a Land use, Urban |z United States. |
| 700 | 1 | |a Kaiser, Edward John. | |
| 852 | |a INST |b LESVOS |e 19941021 |h 333.77170973 CHA |p 005100003532 |q 005100003532 |t BK |y 0 | ||
| 909 | |a Λ |b 005178 | ||